-
CHAUDHARI, M.R. / KURKARNI, Y.A. AND GOKHALE, S.B.
Entry Personal Name
Number of records used in: 1
001 - CONTROL NUMBER
003 - CONTROL NUMBER IDENTIFIER
005 - DATE AND TIME OF LATEST TRANSACTION
- control field:
20190910155019.0
008 - FIXED-LENGTH DATA ELEMENTS
- fixed length control field:
190910|| aca||aabn | a|a d
040 ## - CATALOGING SOURCE
- Original cataloging agency:
OSt
- Transcribing agency:
OSt
100 ## - HEADING--PERSONAL NAME
- Personal name:
CHAUDHARI, M.R. / KURKARNI, Y.A. AND GOKHALE, S.B.
670 ## - SOURCE DATA FOUND
- Source citation:
Work cat.: (OSt): CHAUDHARI, M.R. / KURKARNI, Y.A. AND GOKHALE, S.B., BIOCHEMISTRY AND CLINICAL PATHOLOGY